New York Knicks Roster 2020-2021 - Statistics

General Stats
  • This quiz has been taken 130 times
    122 since last reset
  • The average score is 10 of 17
Answer Stats
Position Player % Correct
Pf Julius Randle
94%
Sg Rj Barrett
91%
C Mitchell Robinson
88%
Pg Derek Rose
83%
Pg Immanuel Quickley
75%
C Taj Gibson
69%
Pg Elfrid Payton
65%
C Nerlens Noel
65%
Pf Obi Toppin
65%
Sg Alec Burks
58%
Sf Reggie Bullock
51%
Sf Kevin Knox
44%
Pg Frank Ntilikina
40%
Sg Theo Pinson
28%
Pf Norvel pelle
23%
Pg Jared harper
22%
C John Henson
5%
No matching quizzes found
Score Distribution
Percent of People with Each Score
Percentile by Number Answered
Your Score History
You have not taken this quiz since the last reset